| 000 | 00406nam a22001697a 4500 | ||
|---|---|---|---|
| 005 | 20180425125230.0 | ||
| 008 | 160521b xxu||||| |||| 00| 0 eng d | ||
| 020 | _a81-7808-543-7 | ||
| 041 | _aeng | ||
| 082 |
_b3666 _a510 |
||
| 100 |
_aRonalt L. and others _94290 |
||
| 245 | _aDiscret Mathemattics | ||
| 260 |
_bPearsons _c2002 |
||
| 300 | _a603 | ||
| 650 |
_aInformation Technology _9137 |
||
| 942 | _cBK | ||
| 999 |
_c1255 _d1255 |
||